| 000 | 00473nam a22001217a 4500 | ||
|---|---|---|---|
| 008 | 230609b xxu||||| |||| 00| 0 eng d | ||
| 082 |
_a354.676 _bGOK |
||
| 110 | _bGOK | ||
| 245 |
_a2007/2008 Estimates of Development Expenditure of the GOk for the Year Endeing 30th June, 2008 _bEstimates of further sums required to be voted for the service of the year ending 30th June, 2008 _cvolume 1 (Votes D01-D19) |
||
| 260 |
_aKenya _bGoK _cJune, 2008 |
||
| 300 | _a464p | ||
| 942 |
_2ddc _cBK |
||
| 999 |
_c936 _d936 |
||